<?xml version="1.0" encoding="UTF-8"?>
<record
    xmlns:xsi="http://www.w3.org/2001/XMLSchema-instance"
    xsi:schemaLocation="http://www.loc.gov/MARC21/slim http://www.loc.gov/standards/marcxml/schema/MARC21slim.xsd"
    xmlns="http://www.loc.gov/MARC21/slim">

  <leader>00432nam a22001577a 4500</leader>
  <controlfield tag="008">240729b        |||||||| |||| 00| 0 eng d</controlfield>
  <datafield tag="020" ind1=" " ind2=" ">
    <subfield code="a">9789388313285</subfield>
  </datafield>
  <datafield tag="082" ind1=" " ind2=" ">
    <subfield code="a">610.73</subfield>
  </datafield>
  <datafield tag="100" ind1=" " ind2=" ">
    <subfield code="a">Nettina, Sandra M.</subfield>
  </datafield>
  <datafield tag="245" ind1=" " ind2=" ">
    <subfield code="a">Lippincott Manual of Nursing Practice: </subfield>
  </datafield>
  <datafield tag="250" ind1=" " ind2=" ">
    <subfield code="a">11th ed.</subfield>
  </datafield>
  <datafield tag="260" ind1=" " ind2=" ">
    <subfield code="a">Philadrlphia: </subfield>
    <subfield code="b">Wolters Kluwer,</subfield>
    <subfield code="c">2018.</subfield>
  </datafield>
  <datafield tag="300" ind1=" " ind2=" ">
    <subfield code="a">xxi, 1563 p.;</subfield>
    <subfield code="c">22 Cm.</subfield>
    <subfield code="b">Colour ill.</subfield>
  </datafield>
  <datafield tag="942" ind1=" " ind2=" ">
    <subfield code="2">ddc</subfield>
    <subfield code="e">11th</subfield>
  </datafield>
  <datafield tag="999" ind1=" " ind2=" ">
    <subfield code="c">9922</subfield>
    <subfield code="d">9923</subfield>
  </datafield>
  <datafield tag="952" ind1=" " ind2=" ">
    <subfield code="0">0</subfield>
    <subfield code="1">0</subfield>
    <subfield code="2">ddc</subfield>
    <subfield code="4">0</subfield>
    <subfield code="7">0</subfield>
    <subfield code="8">MAIN</subfield>
    <subfield code="a">GELEPHU</subfield>
    <subfield code="b">GELEPHU</subfield>
    <subfield code="c">MAIN</subfield>
    <subfield code="d">2024-07-29</subfield>
    <subfield code="g">2417.07</subfield>
    <subfield code="h">18404</subfield>
    <subfield code="o">610.73 NET C.1</subfield>
    <subfield code="p">30019731</subfield>
    <subfield code="r">2024-07-29 00:00:00</subfield>
    <subfield code="w">2024-07-29</subfield>
    <subfield code="y">MAIN</subfield>
  </datafield>
  <datafield tag="952" ind1=" " ind2=" ">
    <subfield code="0">0</subfield>
    <subfield code="1">0</subfield>
    <subfield code="2">ddc</subfield>
    <subfield code="4">0</subfield>
    <subfield code="7">0</subfield>
    <subfield code="8">MAIN</subfield>
    <subfield code="a">GELEPHU</subfield>
    <subfield code="b">GELEPHU</subfield>
    <subfield code="c">MAIN</subfield>
    <subfield code="d">2024-07-29</subfield>
    <subfield code="g">2417.07</subfield>
    <subfield code="h">18405</subfield>
    <subfield code="o">610.73 NET C.2</subfield>
    <subfield code="p">30019488</subfield>
    <subfield code="r">2024-07-29 00:00:00</subfield>
    <subfield code="w">2024-07-29</subfield>
    <subfield code="y">MAIN</subfield>
  </datafield>
  <datafield tag="952" ind1=" " ind2=" ">
    <subfield code="0">0</subfield>
    <subfield code="1">0</subfield>
    <subfield code="2">ddc</subfield>
    <subfield code="4">0</subfield>
    <subfield code="7">0</subfield>
    <subfield code="8">MAIN</subfield>
    <subfield code="a">RTCLIB</subfield>
    <subfield code="b">RTCLIB</subfield>
    <subfield code="c">MAIN</subfield>
    <subfield code="d">2024-07-29</subfield>
    <subfield code="g">2417.07</subfield>
    <subfield code="h">18406</subfield>
    <subfield code="l">1</subfield>
    <subfield code="o">610.73 NET C. 3</subfield>
    <subfield code="p">30019739</subfield>
    <subfield code="r">2024-09-17 00:00:00</subfield>
    <subfield code="s">2024-09-10</subfield>
    <subfield code="w">2024-07-29</subfield>
    <subfield code="y">MAIN</subfield>
  </datafield>
  <datafield tag="952" ind1=" " ind2=" ">
    <subfield code="0">0</subfield>
    <subfield code="1">0</subfield>
    <subfield code="2">ddc</subfield>
    <subfield code="4">0</subfield>
    <subfield code="7">0</subfield>
    <subfield code="8">MAIN</subfield>
    <subfield code="a">RTCLIB</subfield>
    <subfield code="b">RTCLIB</subfield>
    <subfield code="c">MAIN</subfield>
    <subfield code="d">2024-07-29</subfield>
    <subfield code="g">2417.07</subfield>
    <subfield code="h">18728</subfield>
    <subfield code="o">610.73 NET C.4</subfield>
    <subfield code="p">30019546</subfield>
    <subfield code="r">2024-07-29 00:00:00</subfield>
    <subfield code="w">2024-07-29</subfield>
    <subfield code="y">MAIN</subfield>
  </datafield>
  <datafield tag="952" ind1=" " ind2=" ">
    <subfield code="0">0</subfield>
    <subfield code="1">0</subfield>
    <subfield code="2">ddc</subfield>
    <subfield code="4">0</subfield>
    <subfield code="7">0</subfield>
    <subfield code="8">MAIN</subfield>
    <subfield code="a">RTCLIB</subfield>
    <subfield code="b">RTCLIB</subfield>
    <subfield code="c">MAIN</subfield>
    <subfield code="d">2024-07-29</subfield>
    <subfield code="g">2417.07</subfield>
    <subfield code="h">18705</subfield>
    <subfield code="l">0</subfield>
    <subfield code="o">610.73 NET C.5</subfield>
    <subfield code="p">30019881</subfield>
    <subfield code="r">2024-08-09 00:00:00</subfield>
    <subfield code="w">2024-07-29</subfield>
    <subfield code="y">MAIN</subfield>
  </datafield>
  <datafield tag="952" ind1=" " ind2=" ">
    <subfield code="0">0</subfield>
    <subfield code="1">0</subfield>
    <subfield code="2">ddc</subfield>
    <subfield code="4">0</subfield>
    <subfield code="7">0</subfield>
    <subfield code="8">MAIN</subfield>
    <subfield code="a">RTCLIB</subfield>
    <subfield code="b">RTCLIB</subfield>
    <subfield code="c">MAIN</subfield>
    <subfield code="d">2024-07-29</subfield>
    <subfield code="g">2417.07</subfield>
    <subfield code="h">18706</subfield>
    <subfield code="l">0</subfield>
    <subfield code="o">610.73 NET C.6</subfield>
    <subfield code="p">30019901</subfield>
    <subfield code="r">2024-08-09 00:00:00</subfield>
    <subfield code="w">2024-07-29</subfield>
    <subfield code="y">MAIN</subfield>
  </datafield>
  <datafield tag="952" ind1=" " ind2=" ">
    <subfield code="0">0</subfield>
    <subfield code="1">0</subfield>
    <subfield code="2">ddc</subfield>
    <subfield code="4">0</subfield>
    <subfield code="7">0</subfield>
    <subfield code="8">MAIN</subfield>
    <subfield code="a">RTCLIB</subfield>
    <subfield code="b">RTCLIB</subfield>
    <subfield code="c">MAIN</subfield>
    <subfield code="d">2024-07-29</subfield>
    <subfield code="g">2417.07</subfield>
    <subfield code="h">18759</subfield>
    <subfield code="l">0</subfield>
    <subfield code="o">610.73 NET C.7</subfield>
    <subfield code="p">30019898</subfield>
    <subfield code="r">2024-08-30 00:00:00</subfield>
    <subfield code="w">2024-07-29</subfield>
    <subfield code="y">MAIN</subfield>
  </datafield>
  <datafield tag="952" ind1=" " ind2=" ">
    <subfield code="0">0</subfield>
    <subfield code="1">0</subfield>
    <subfield code="2">ddc</subfield>
    <subfield code="4">0</subfield>
    <subfield code="7">0</subfield>
    <subfield code="8">MAIN</subfield>
    <subfield code="a">RTCLIB</subfield>
    <subfield code="b">RTCLIB</subfield>
    <subfield code="c">MAIN</subfield>
    <subfield code="d">2024-07-29</subfield>
    <subfield code="g">2417.07</subfield>
    <subfield code="h">18853</subfield>
    <subfield code="l">0</subfield>
    <subfield code="o">610.73 NET C.8</subfield>
    <subfield code="p">30020005</subfield>
    <subfield code="r">2024-09-17 00:00:00</subfield>
    <subfield code="w">2024-07-29</subfield>
    <subfield code="y">MAIN</subfield>
  </datafield>
</record>
